| LEADER 00000nam 2200000uu 4500 |
| 001 13399118944 |
| 003 ULIBM |
| 008 170630s2003||||th 000 0 tha d |
| 020 ^a0521282934
|
| 082 0 ^a421.34^bB167T
|
| 100 0 ^aBaker, Ann.
|
| 245 00 ^aTree or three? : an elementary pronunciation course ^cBy Ann Baker.
|
| 250 ^a24 th ed.
|
| 260 ^aCambridge:^bCambridge University Press:,^c2003.
|
| 300 ^a121 p. :^bill. ;^c23 cm.
|
| 650 0 English language|xTextbooks for foreign speakers .
|
| 650 0 English language|xSpoken English|xProblems, exercises, etc.
|
| 650 0 English language|xPronunciation|xProblems, exercises, etc.
|
| 999 ^aจริญญา
|
หนังสือดีน่าอ่าน

“ดั่งดวงแก้ว ส่องสว่าง ทางสายงาม”
จัดทำขึ้นเพื่อเฉลิมพระเกียรติ สมเด็จพระเทพรัตนราชสุดา ฯ สยามบรมราชกุมารี
เนื่องในโอกาสมหามงคลเฉลิมพระชนมพรรษา ๕ รอบ ๒ เมษายน ๒๕๕๘
โดยหนังสือเล่มนี้ได้รวบรวม ๖๐ พระอัจฉริยภาพของสมเด็จพระเทพ ฯ
ผู้อ่านจะได้รับแรงบันดาลใจให้พากเพียรเรียนรู้และขยันอดทนทำการงาน
ตามรอยเบื้องพระยุคลบาท เพราะพระองค์ทรงเป็นแบบอย่างอันดีเยี่ยมในทุกด้าน
ทั้งในความใฝ่รู้ใฝ่เรียน คุณธรรมจริยธรรม พระวิริยอุตสาหะในการทรงงาน
และอื่นๆอีกมากมาย ล้วนสามารถสร้างแรงบันดาลใจให้แก่เด็กและเยาวชน
อีกทั้งประชาชนทั่วไป ให้พากเพียรเรียนรู้และขยันอดทนทำการงานตามรอยพระยุคลบาท
เพื่อฝึกฝนตนเองให้เป็นคนดีคนเก่งของครอบครัวและสังคมต่อไป